00549nam a2200145Ia 4500008004000000082001700040100001700057245006100074260005000135300001200185690002400197906001100221999001700232952015400249210210b1973 xxu||||| |||| 00| 0 eng d a342.029 GUPI aGUPTA (D C). aIndian national movement and constitutional development. aDelhibVikas Publishing House Pvt Ltd.c1973 axiv,615 aIndian Constitution a031377 c82419d82419 001040708Political ScienceaALbALcPolitical Scienced2021-02-17g17.50l2o342.029 GUPIp031377r2023-05-15 00:00:00s2023-01-19w2021-02-17yBK